01750aam a2200373 i 4500001001000000003001000010005001700020007000300037008004100040020001800081040001400099041000800113082002100121100004000142245007800182250002200260264006000282264001100342300002700353336002700380337003300407338002800440490001900468505051700487563001401004651003101018653003401049653003201083653006101115653004701176653003901223653004801262653006601310768714001CO-MdFUSB20250519114109.0ta240801t1994 ck |||| |||| 00| 0 spa d a84-7658-446-6 cCO-MdFUSB0 aspa04a980.01223bF3631 aFernández Herrero, Beatrizeautor 3aLa utopía de la aventura latinoamericanac/ Beatriz Fernández Herrero asegunda edición 1bAnthropos, aSantafé de Bogotá, Colombia : c[1994] 4c©1994 a255 páginasc; 18 cm 2rdacontentatextobtxt 2rdamediaasin mediaciónbn 2rdacarrieravolumenbnc aBiblioteca A, 0 gParte I:tAmérica como utopía, encuadre histórico de la aventura americana:aMóviles y factores que posibilitaron el descubrimiento. -- Idea de América.gParte II:tLa colonización de América desde el derecho: marco legal y jurídico:aLa colonización de América desde el derecho internacional. -- La colonización de América desde el derecho administrativo. -- La colonización de América desde el derecho civil. -- Regulaciones entre el poder civil y el poder religioso: El patronato. aRústico 7aAmérica LatinaxHistoria aUtopía — América Latina aDescubrimiento de América aColonización — América Latina — Aspectos legales aDerecho internacional — América Latina aDerecho civil — América Latina aDerecho administrativo — América Latina aRelaciones Iglesia y Estado — América Latina — Historia